| 000 | 00764cam a2200229 4500 | ||
|---|---|---|---|
| 001 | WB3705-40 | ||
| 008 | 000000n2001 000 0 eng u | ||
| 035 | _a(Sirsi) u110693 | ||
| 245 | _aArable price rallies | ||
| 260 | _c2001 | ||
| 490 |
_aFarmers' Weekly _v134(4) 26 January 2001, 83(1) |
||
| 520 | _aDiscusses Strutt & Parker's arable land price index for 4Q 2000. This indicates that land prices rallied significantly at the end of the year. The average land price for the period was £2560 per acre, a drop of just 1%. Graph. | ||
| 590 | _aWB | ||
| 650 | _aSTRUTT & PARKER | ||
| 650 | _aINDEX | ||
| 650 | _aARABLE LAND PRICES | ||
| 650 | _aFORECASTS | ||
| 650 | _aFARMLAND | ||
| 650 | _aLAND PRICES | ||
| 690 | _aRURAL-MARKET | ||
| 942 | _n0 | ||
| 999 |
_c65966 _d65966 |
||